[Event "Palma de Mallorca FIDE GP"]
[Site "Palma de Mallorca"]
[Date "2017.11.17"]
[Round "2"]
[White "Giri, Anish"]
[Black "Vachier Lagrave, Maxime"]
[Result "1/2-1/2"]
[WhiteElo "2762"]
[BlackElo "2796"]
[Annotator "Yermolinsky,A"]
[PlyCount "61"]
[EventDate "2017.11.16"]
[EventType "swiss"]
[EventRounds "9"]
[EventCountry "ESP"]
[SourceTitle "CBM 182"]
[Source "ChessBase"]
[SourceDate "2018.01.17"]
[SourceVersion "1"]
[SourceVersionDate "2018.01.17"]
[SourceQuality "1"]

1. e4 c5 2. Nf3 d6 3. d4 cxd4 4. Nxd4 Nf6 5. Nc3 a6 6. Bg5 e6 7. f4 h6 8. Bh4
Qb6 9. a3 Be7 {This has always been Maxime's choice.} ({He tried} 9... Nbd7 {
only once, against Caruana in 2011}) 10. Bf2 {This retreat was the reason
Black stayed away from 7...h6 for many years. Recent developments, however,
showed that Black's position is quite playable.} ({Another Caruana-MVL battle,
Sinquefield Cup, 2017, saw Fabiano's innovation} 10. Qd3) 10... Qc7 11. Qf3
Nbd7 12. O-O-O b5 13. g4 Bb7 ({One of the first games that brought this line
into the spotlight was the battle between the same players in Norway Chess,
2016. Maxime played the thematic} 13... g5 {Anish countered with} 14. h4 gxf4
15. Be2 {but hesitated at the critical moment after} Rg8 {Everybody agreed} ({
Later the same year Caruana-Nakamura, London Classic 2016, saw} 15... b4 16.
axb4 Ne5 17. Qxf4 Nexg4 18. Bxg4 e5 {and here Fabiano's brilliant find} 19.
Qxf6 $3 {brought him a great victory.}) 16. g5 {leading to a crushing attack
for White in many lines, for example} ({instead of} 16. Rdg1 $2 {which allowed
Maxime to strike first with} d5 $1) 16... hxg5 17. hxg5 Rxg5 18. Rh8+ Rg8 19.
Rxg8+ Nxg8 20. Qg2 Ngf6 21. e5 Bb7 22. Nxe6 fxe6 23. Qg6+ Kd8 24. exf6 Nxf6 25.
Bd4 $18) 14. h4 ({The poisonous little move} 14. Bg2 {brought White success in
another high-profile game, Nakamura-Vachier Lagrave, London Classic, 2016.
It's amazing how the top players of today are willing to play the same
positions with either colour. there is no emotional attachment to "my moves".
They'll play anything as long as it works!} Rc8 15. Kb1 g5 ({the line} 15... g6
16. Rhe1 e5 17. h4 $3 exd4 18. Bxd4 {illustrates well how powerful White's
attack can be.}) 16. Qh3 $1 Nc5 17. Rhe1 h5 18. Nf5 $1 {and Hikaru broke
through.}) 14... Nc5 ({There's another one for you:} 14... d5 15. e5 Ne4 {
Caruana-Vachier Lagrave, Grenke 2017.}) 15. Bd3 h5 16. g5 Ng4 {It is important
for Black to put at least a temporary hold on White's offensive. The knight on
g4 accomplishes that, but Giri won't hesitate to remove the obstacle.} 17. Rhg1
$5 (17. f5 {seems thematic, but, in reality, it's Black who may take over the
initiative after} Nxd3+ 18. cxd3 O-O 19. Kb1 d5 $1 20. exd5 b4 21. axb4 Bxb4
22. Rc1 Qb6) 17... g6 ({Now} 17... Nxd3+ {will be answered by} 18. Rxd3 {
because the e5-square is still under White's control.}) 18. Rxg4 hxg4 19. Qxg4
{Black faces no mean task to keep his king safe. Castling short right into
White's pawn storm is not recommended, and f4-f5 is in the air.} e5 $5 {
Probably, the best move.} ({Oh, I almost forgot to mention} 19... O-O-O $2 20.
Nd5 $18) 20. Nf3 Rc8 ({It seems logical to bring the queen closer, but after} 
20... Qd7 21. Qg3 Qe6 22. Nd5 Rc8 23. Kb1 Nxd3 24. Rxd3 Bxd5 25. exd5 Qf5 26.
fxe5 {White gets the second pawn and may be able to to keep his edge in the
endgame:} dxe5 27. Qxe5 Qxe5 28. Nxe5 Bd6 29. Nc6 {etc.}) 21. fxe5 dxe5 22. Kb1
$1 ({The tempting} 22. Nxe5 $6 Qxe5 23. Bd4 {gets turned back by} Bxg5+ $1 (
23... Qxd4 24. Bxb5+ axb5 25. Rxd4 Ne6 26. Rd2 (26. Rd3 Rxh4 $1) 26... b4 27.
axb4 Bxb4 28. e5 Bxc3 29. bxc3 {is OK for Black, but White isn't worse.}) 24.
hxg5 Nxd3+ 25. Rxd3 Rh1+ 26. Kd2 Qh2+ 27. Ne2 Qh4 {where White is forced to
trade queens to try to survive the bad ending.}) 22... Rd8 23. Nd5 $1 Bxd5 24.
exd5 Nxd3 25. Rxd3 O-O {Up to this point Anish played a nearly perfect game.}
26. h5 $6 {Just a bit too eager.} ({Instead, he had} 26. Bg3 Bd6 (26... Qc4 27.
Nxe5 Qxg4 28. Nxg4 $16) 27. Nd2 {where the threat of occupying f6 with that
knight compels Black to open up his king:} f6 28. gxf6 Rxf6 29. h5 {Defending
this one would have been extremely difficult, if not outright impossible.})
26... Qc4 $1 {Now MVL can breathe a sigh of relief.} 27. Qh3 Qc8 28. Qxc8 Rxc8
29. Nxe5 Bxg5 30. d6 Bf4 31. d7 {Seeing an equal endgame coming up after White
gets the exchange back, the players agreed to a draw. What a great battle.}
1/2-1/2

[Event "Dresden ZMD op 20th"]
[Site "Dresden"]
[Date "2011.08.09"]
[Round "4"]
[White "Friedel, Joshua E"]
[Black "Zakhartsov, Viacheslav V"]
[Result "0-1"]
[WhiteElo "2531"]
[BlackElo "2578"]
[Annotator "Zakhartsov,Vi"]
[PlyCount "78"]
[EventDate "2011.08.06"]
[EventType "swiss"]
[EventRounds "9"]
[EventCountry "GER"]
[SourceTitle "CBM 143 Extra"]
[Source "ChessBase"]
[SourceDate "2011.08.29"]
[SourceVersion "1"]
[SourceVersionDate "2011.08.29"]
[SourceQuality "1"]

1. e4 c5 2. Nf3 d6 3. d4 cxd4 4. Nxd4 Nf6 5. Nc3 a6 6. Bg5 e6 7. f4 h6 8. Bh4
Qb6 9. a3 Nbd7 {I did not see a big difference between the text and} (9... Be7
{, but the bishop's move would be more precise after White's next.}) 10. Bc4 $1
{Now sacrifices on e6 are hanging in the air.} g5 $5 {Probably a better try
than} (10... Be7 11. Bf2 Qc7 12. Bxe6 fxe6 13. Nxe6 $36) 11. Bf2 (11. fxg5 hxg5
12. Bxg5 Qc5 13. Bxf6 Nxf6 {with full compensation for the pawn.}) 11... Nc5 (
11... Qc7 12. Bxe6 $1 {(stronger than} (12. Qe2 Nb6 13. Bb3 gxf4 {,
Caruana-Vachier Lagrave, Biel 2011}) 12... fxe6 13. Nxe6 Qc4 (13... Qc6 $2 14.
Nd5) 14. Nxf8 Rxf8 15. Qxd6 {with an edge for White.}) 12. Nb3 gxf4 13. e5 $5 (
13. Qd2 e5 14. Nxc5 dxc5 15. O-O-O {with definite compensation for the pawn.})
13... Nfd7 $2 (13... dxe5 {was the only move:} 14. Na4 Qc6 15. Naxc5 b6 16. Bh4
(16. Qe2 bxc5 17. Qxe5 Qe4+) 16... Be7 17. Qe2 bxc5 18. Qxe5 Qe4+ {(I had
overlooked this check in advance)} 19. Qxe4 Nxe4 20. Bxe7 Kxe7 21. O-O f5 22.
Rxf4 Rb8 {with mutual chances.}) 14. Qh5 {Missing a strong opportunity:} (14.
Bxe6 $1 fxe6 15. Qh5+ Kd8 16. exd6 Bxd6 17. Rd1 $1 {with a winning attack:} Kc7
18. Nxc5 Nxc5 (18... Bxc5 19. Bxc5 Qc6 (19... Qxc5 20. Rxd7+) (19... Nxc5 20.
Qe5+) 20. Rxd7+ Qxd7 21. Qe5+ Kc6 22. Bd4) 19. Rxd6 Qxd6 20. Bxc5 Qd8 21. Qe5+
Kc6 22. O-O) 14... d5 (14... dxe5 15. Ne4 Qc6 16. Nbxc5 Bxc5 17. Nxc5 Nxc5 18.
Qxe5 Qe4+ 19. Qxe4 Nxe4 20. Bd4 Rg8 21. Bd3 f5 22. O-O {with a stable edge for
White.}) 15. Bxd5 $1 {Of course, the only move.} exd5 16. Nxd5 Qc6 17. e6 $1 {
Opening the e-file.} ({Otherwise after} 17. Rd1 Ne6 {White has not enough
compensation for the piece.}) 17... Nxe6 18. Nd4 $6 (18. O-O-O {would be much
more dangerous:} Bg7 (18... Rg8 19. Rhe1 Rg5 20. Rxe6+ $1 Qxe6 21. Nc7+ Ke7 22.
Bh4 Qe5 23. Nxa8 Bg7 24. Bxg5+ hxg5 25. c3 Nf6 26. Qf3 {with an extra exchange}
) 19. Rhe1 Kf8 20. Nd4 Nxd4 21. Bxd4 Bxd4 22. Rxd4 Nf6 23. Qe5 Kg7 24. Rxf4 Re8
25. Ne7 Qe6 26. Qc3 Rxe7 27. Rxe6 Rxe6 {with a roughly equal material balance
and some initiative for White. However, it is difficult to find these moves
over the board.}) 18... Nxd4 19. Bxd4 Rg8 20. O-O-O Rg5 21. Qe2+ Kd8 22. Bb6+
Nxb6 23. Nxb6+ (23. Ne7+ Qd7 24. Nxc8 Rxc8 25. Rxd7+ Nxd7 {with a material
advantage for Black.}) 23... Kc7 24. Nxa8+ Kb8 25. Qf3 Rc5 {Now the knight on
a8 is trapped.} 26. Rd8 (26. Qxc6 Rxc6 27. Rd8 Bc5) 26... Be7 (26... Rxc2+ 27.
Kb1 Rxb2+ {!} 28. Kxb2 Qf6+ 29. Qc3 Qxd8 30. Rc1 Bd6 {with a winning advantage}
) 27. Qxc6 Rxc6 28. Re8 Bc5 29. Rd1 Kxa8 30. Rd7 Ka7 31. Rxf7 Be6 32. Rg7 Be3+
33. Kd1 Bf5 34. Ree7 (34. c3 Rd6+ 35. Ke1 Rd2 36. b4 Ra2 37. Ree7 Bd3 38. Rxb7+
Ka8 {, and Black wins}) 34... Bxc2+ 35. Ke2 Rb6 36. b4 Bc1 37. g3 f3+ 38. Kxf3
Bxa3 39. Rc7 Bd1+ 0-1